000 00574 a2200229 4500
001 15222
020 _a9788506056080
041 _apor
082 _a028.5
100 _aLago, Angela.
250 _a. ed.
490 _aMundo colorido
697 _aFolclore.
697 _aLiteratura infantojuvenil.
830 _aMundo colorido
856 _u000020/0000206a.jpg
040 _aBR-BrIDEA
_cBR-BrIDEA
090 _aYear 2 028
_bLAG
245 1 0 _aA festa no céu
_bum conto do nosso folclore
_c Angela Lago
260 _aSão Paulo
_bMelhoramentos
_c2005
942 _cBK
999 _c15222
_d15222